| 000 | 003660000a22001570004500 | ||
|---|---|---|---|
| 003 | LK-CoMWRAF | ||
| 008 | 230817t ||||| |||| 00| 0 eng d | ||
| 040 |
_aLK-CoMWRAF _dLK-CoMWRAF _eLK-CoMWRAF |
||
| 041 | _aeng | ||
| 082 |
_a410 _bNAA |
||
| 245 |
_aNaam Vazhum Ulagam _b |
||
| 260 |
_aChennai _bSOUTH VISION _c2000 |
||
| 300 | _ap.32 | ||
| 650 | _aTamil | ||
| 942 | _cBK | ||
| 999 |
_c513 _d513 |
||